00626nam a2200217 a 450000100060000000300080000600500170001400800390003103500190007004000270008904100080011608200220012410000260014624500980017225000120027026000300028230000290031250000200034165000220036170000250038312316BD-RjUL20211208235255.0140128s1952 nyua 001 0 eng a(BD-RjUL)12365 aDLCcDLCdBD-RjULbeng aeng00a612bBEL 19522231 aBest, Charles Herbert14aThe living body :ba text in human physiology /cCharles Herbert Best and Norman Burke Taylor a3rd ed. aNew York :bHolt,cc1952. a792 p. :bill. ;c25 cm. aIncludes index. 0aHuman physiology.1 aTaylor, Norman Burke